000
00321nam a22001457a 4500
008
230612b ||||| |||| 00| 0 eng d
020
_a
9780205256051
041
_a
eng
080
_2
13 EDITION
_a
616
082
_a
616BEE
100
_a
14
101
_a
PEDI
245
_a
THE DEVELOPING CHILD
_c
BEE.H
942
_2
udc
_c
BK
999
_c
59937
_d
59937